Dazey and the Scouts - Sad Boys Lyrics - Statistics

General Stats
  • This quiz has been taken 8 times
  • The average score is 206 of 207
Answer Stats
Answers % Correct
a
100%
all
100%
always
100%
and
100%
at
100%
avenue
100%
back
100%
basement
100%
be
100%
both
100%
boys
100%
break
100%
can't
100%
didn't
100%
die
100%
disillusioned
100%
do
100%
don't
100%
dropping
100%
drunken
100%
far
100%
flower
100%
glasses
100%
gone
100%
gonna
100%
grow
100%
have
100%
heart
100%
help
100%
hoping
100%
how's
100%
I
100%
I'm
100%
in
100%
instead
100%
is
100%
it
100%
just
100%
keep
100%
kiss
100%
knowing
100%
lifeline
100%
live
100%
Marlboros
100%
me
100%
middle
100%
mine
100%
mistakes
100%
more
100%
need
100%
next
100%
not
100%
now
100%
of
100%
one
100%
only
100%
pavement
100%
physical
100%
push
100%
putrefy
100%
rather
100%
sad
100%
said
100%
shows
100%
slowly
100%
smoke
100%
so
100%
stand
100%
that
100%
the
100%
to
100%
together
100%
too
100%
try?
100%
waiting
100%
wanna
100%
was
100%
we'd
100%
wet
100%
when
100%
wilts
100%
with
100%
won't
100%
You
100%
you
100%
you'd
100%
your
100%
you're
100%
for
83%
teach
83%
manifestation
67%
No matching quizzes found
Score Distribution
Percent of People with Each Score
Percentile by Number Answered
Your Score History
You have not taken this quiz